000 05454nam a22006735i 4500
001 978-3-319-47696-4
003 DE-He213
005 20210118122233.0
007 cr nn 008mamaa
008 161031s2017 gw | s |||| 0|eng d
020 _a9783319476964
_9978-3-319-47696-4
024 7 _a10.1007/978-3-319-47696-4
_2doi
050 4 _aQD380-388
072 7 _aPNNP
_2bicssc
072 7 _aTEC055000
_2bisacsh
072 7 _aPNNP
_2thema
082 0 4 _a541.2254
_223
245 1 0 _aDesigning of Elastomer Nanocomposites: From Theory to Applications
_h[electronic resource] /
_cedited by Klaus Werner Stöckelhuber, Amit Das, Manfred Klüppel.
250 _a1st ed. 2017.
264 1 _aCham :
_bSpringer International Publishing :
_bImprint: Springer,
_c2017.
300 _aXII, 402 p.
_bonline resource.
336 _atext
_btxt
_2rdacontent
337 _acomputer
_bc
_2rdamedia
338 _aonline resource
_bcr
_2rdacarrier
347 _atext file
_bPDF
_2rda
490 1 _aAdvances in Polymer Science,
_x0065-3195 ;
_v275
505 0 _aThe extended non-affine tube model for crosslinked polymer networks: A summary of its physical basics, implementation and application to thermo-mechanical finite element analyses -- Reinforcement of rubber and filler network dynamics at small strains -- Multiscale Contact Mechanics with Application to Seals and Rubber Friction on Dry and Lubricated Surfaces -- Multiscale modeling approach to dynamic-mechanical behavior of elastomer nanocomposites -- Networks - from rubbers to food -- Nanostructured Ionomeric Elastomers -- Graphene based elastomer nanocomposites: Functionalization techniques, morphology and physical properties -- Characterization and Application of Graphene Nano-Platelets in Elastomers -- The tearing energy as fracture mechanical quantity for elastomers.
520 _aThe series Advances in Polymer Science presents critical reviews of the present and future trends in polymer and biopolymer science. It covers all areas of research in polymer and biopolymer science including chemistry, physical chemistry, physics, material science. The thematic volumes are addressed to scientists, whether at universities or in industry, who wish to keep abreast of the important advances in the covered topics. Advances in Polymer Science enjoys a longstanding tradition and good reputation in its community. Each volume is dedicated to a current topic, and each review critically surveys one aspect of that topic, to place it within the context of the volume. The volumes typically summarize the significant developments of the last 5 to 10 years and discuss them critically, presenting selected examples, explaining and illustrating the important principles, and bringing together many important references of primary literature. On that basis, future research directions in the area can be discussed. Advances in Polymer Science volumes thus are important references for every polymer scientist, as well as for other scientists interested in polymer science - as an introduction to a neighboring field, or as a compilation of detailed information for the specialist. Review articles for the individual volumes are invited by the volume editors. Single contributions can be specially commissioned. Readership: Polymer scientists, or& nbsp;scientists in related fields interested in polymer and biopolymer science, at universities or in industry, graduate students.
650 0 _aPolymers  .
650 0 _aMaterials science.
650 0 _aCondensed matter.
650 0 _aCeramics.
650 0 _aGlass.
650 0 _aComposites (Materials).
650 0 _aComposite materials.
650 1 4 _aPolymer Sciences.
_0http://scigraph.springernature.com/things/product-market-codes/C22008
650 2 4 _aCharacterization and Evaluation of Materials.
_0http://scigraph.springernature.com/things/product-market-codes/Z17000
650 2 4 _aCondensed Matter Physics.
_0http://scigraph.springernature.com/things/product-market-codes/P25005
650 2 4 _aCeramics, Glass, Composites, Natural Materials.
_0http://scigraph.springernature.com/things/product-market-codes/Z18000
700 1 _aStöckelhuber, Klaus Werner.
_eeditor.
_4edt
_4http://id.loc.gov/vocabulary/relators/edt
700 1 _aDas, Amit.
_eeditor.
_4edt
_4http://id.loc.gov/vocabulary/relators/edt
700 1 _aKlüppel, Manfred.
_eeditor.
_4edt
_4http://id.loc.gov/vocabulary/relators/edt
710 2 _aSpringerLink (Online service)
773 0 _tSpringer eBooks
776 0 8 _iPrinted edition:
_z9783319476957
776 0 8 _iPrinted edition:
_z9783319476971
776 0 8 _iPrinted edition:
_z9783319838007
830 0 _aAdvances in Polymer Science,
_x0065-3195 ;
_v275
856 4 0 _uhttps://doi.org/10.1007/978-3-319-47696-4
912 _aZDB-2-CMS
999 _c445548
_d445548
942 _cEB
506 _aAvailable to subscribing member institutions only. Доступно лише організаціям членам підписки.
506 _fOnline access from local network of NaUOA.
506 _fOnline access with authorization at https://link.springer.com/
506 _fОнлайн-доступ з локальної мережі НаУОА.
506 _fОнлайн доступ з авторизацією на https://link.springer.com/